000
00197nam a2200085Ia 4500
008
170617s9999 xx 000 0 und d
100
_a
Watson-David
245
0
_a
Pharmaceutical Analysis
260
_b
Elesvir Pub
260
_c
2007
999
_c
15293
_d
15293